Este caer de rotos pájaros / (Record no. 80338)

MARC details
000 -LEADER
campo de control de longitud fija 00578nam a2200205 i 4500
001 - NÚMERO DE CONTROL
campo de control 80338
003 - IDENTIFICADOR DE NÚMERO DE CONTROL
campo de control ES-MaACL
005 - FECHA Y HORA DE LA ÚLTIMA TRANSACCIÓN
campo de control 20240421063020.0
007 - CAMPO FIJO DE DESCRIPCIÓN FÍSICA--INFORMACIÓN GENERAL
campo de control de longitud fija t|
008 - DATOS DE LONGITUD FIJA--INFORMACIÓN GENERAL
campo de control de longitud fija 041027s1979 sp ||||1| spa d
100 1# - ENTRADA PRINCIPAL--NOMBRE DE PERSONA
Nombre de persona Hierro, Nicolás del,
Fechas asociadas al nombre 1934-2017
9 (RLIN) 63623
245 10 - MENCIÓN DEL TÍTULO
Título Este caer de rotos pájaros /
Mención de responsabilidad, etc. Nicolás del Hierro.
250 ## - MENCION DE EDICION
Mención de edición [1ª ed.].
260 ## - PUBLICACIÓN, DISTRIBUCIÓN, ETC.
Lugar de publicación, distribución, etc. Madrid :
Nombre del editor, distribuidor, etc. Niágara,
Fecha de publicación, distribución, etc. [1979]
300 ## - DESCRIPCIÓN FÍSICA
Extensión 50 p. ;
Dimensiones 21 cm.
490 1# - MENCIÓN DE SERIE
Mención de serie Poesía ;
Designación de volumen o secuencia 1
830 0# - PUNTO DE ACCESO ADICIONAL DE SERIE-TÍTULO UNIFORME
Título uniforme Poesía ;
Designación de volumen o secuencia 1
9 (RLIN) 177794
852 ## - LOCALIZACIÓN
Ubicación ES-MaACL
Número de control de estantería A-10626
Sublocalización o colección R.99783
Holdings
Estatus retirado Estado de pérdida Estado de daño No para préstamo Biblioteca de origen Biblioteca actual Ubicación en estantería Fecha de adquisición Fuente de adquisición Total de préstamos Signatura topográfica completa Código de barras Visto por última vez Precio de reemplazo Tipo de ítem Koha
        Biblioteca del Ateneo de Madrid Biblioteca del Ateneo de Madrid Depósito 1 17/01/2008     A-10626 1083997 23/02/2023 23/02/2023 Libro impreso